[Event "iranian Women Chess Championship"]
[Site "?"]
[Date "2008.02.22"]
[Round "7"]
[White "Alavi, Homa"]
[Black "Hakimifard, Ghazal"]
[Result "0-1"]
[WhiteElo "1632"]
[BlackElo "2066"]
[PlyCount "90"]
[EventDate "2008.??.??"]

1. d4 Nf6 2. Nf3 e6 3. e3 c5 4. Bd3 Be7 5. c3 b6 6. e4 Bb7 7. Qe2 d6 8. Bf4
Nbd7 9. Nbd2 Qc7 10. h3 Rc8 11. O-O O-O 12. Rad1 Rfe8 13. Bg3 Bf8 14. e5 dxe5
15. dxe5 Nd5 16. Ng5 g6 17. h4 Bg7 18. Nc4 Rf8 19. Nd6 Rcd8 20. Ndxf7 Ra8 21.
Nxe6 Qc6 22. Nxf8 Nxc3 23. Qf3 Nxd1 24. Qxc6 Bxc6 25. Nxd7 Nxb2 26. Be2 Kxf7
27. Bg4 Bd5 28. f4 Be6 29. f5 gxf5 30. Bh5+ Ke7 31. Nf6 Bxf6 32. exf6+ Kxf6 33.
Re1 Nd3 34. Re3 c4 35. Bh2 Rd8 36. Kf1 c3 37. Bd1 Bxa2 38. Bc2 Bc4 39. Kg1 Kf7
40. Rf3 Kf6 41. g4 Rd5 42. Kh1 b5 43. Bg1 b4 44. Bxa7 b3 45. Bxd3 Bxd3 0-1

[Event "Iranian Women Chess Championship"]
[Site "?"]
[Date "2008.02.22"]
[Round "7"]
[White "Hemmatizadeh, Nina"]
[Black "Bayat, Shohreh"]
[Result "1/2-1/2"]
[WhiteElo "1915"]
[BlackElo "2055"]
[PlyCount "96"]
[EventDate "2008.??.??"]

1. c4 d5 2. cxd5 Nf6 3. Nc3 Nxd5 4. g3 g6 5. Bg2 c6 6. d4 Bg7 7. Nf3 O-O 8. O-O
Be6 9. a3 h6 10. Qc2 a5 11. Rd1 Nb6 12. b3 Nd5 13. Nxd5 Qxd5 14. Be3 Qxb3 15.
Qd2 Qd5 16. Bxh6 Qd8 17. Bxg7 Kxg7 18. Qb2 Bd5 19. Qxb7 Nd7 20. Nd2 Bxg2 21.
Kxg2 Nf6 22. Nf3 Qd6 23. Rdc1 Rfc8 24. Rc5 Rab8 25. Qa6 Ra8 26. Qc4 Nd7 27. Rg5
c5 28. Rd5 Nb6 29. Rxd6 Nxc4 30. Rd7 Kf8 31. Rb1 cxd4 32. Rbb7 Nd6 33. Ra7 Rxa7
34. Rxa7 Nc4 35. Nxd4 Nxa3 36. Rxa5 Nc2 37. Nxc2 Rxc2 38. e3 Rc7 39. h4 Kg7 40.
g4 e6 41. h5 gxh5 42. gxh5 Rc4 43. Kg3 Kh6 44. f4 Re4 45. Kf3 f5 46. Ra1 Kxh5
47. Rg1 Kh6 48. Rg3 Ra4 $11 1/2-1/2

[Event "Iranian Women Chess Championship"]
[Site "?"]
[Date "2008.02.22"]
[Round "7"]
[White "Hejazipour, Mitra"]
[Black "SalmanMahini, Mona"]
[Result "1-0"]
[WhiteElo "2114"]
[BlackElo "2085"]
[PlyCount "73"]
[EventDate "2008.??.??"]

1. d4 Nf6 2. c4 g6 3. Nc3 Bg7 4. e4 d6 5. Nf3 Nbd7 6. Be2 O-O 7. O-O e5 8. Be3
Ng4 9. Bg5 f6 10. Bh4 h5 11. Bg3 Kh8 12. Nh4 Rf7 13. Nxg6+ Kg8 14. h3 exd4 15.
Nb5 d3 16. Qxd3 Nge5 17. Nxe5 Nxe5 18. Qb3 f5 19. Bxh5 Rf8 20. c5+ Kh8 21. cxd6
Qg5 22. f4 Qxh5 23. fxe5 cxd6 24. Rf4 Bh6 25. Rh4 Qg5 26. Nxd6 f4 27. Nf7+ Rxf7
28. Qxf7 fxg3 29. Qf6+ Qxf6 30. exf6 Kh7 31. f7 Be6 32. Rf1 Rf8 33. Rf6 Bxf7
34. Rfxh6+ Kg7 35. Rh7+ Kg6 36. R4h6+ Kg5 37. h4+ 1-0

[Event "Iranian Women Chess Championship"]
[Site "?"]
[Date "2008.02.24"]
[Round "8"]
[White "SalmanMahini, Mona"]
[Black "Ghaderpour, Shayesteh"]
[Result "0-1"]
[WhiteElo "2085"]
[BlackElo "2185"]
[PlyCount "114"]
[EventDate "2008.??.??"]

1. e4 Nf6 2. e5 Nd5 3. d4 d6 4. c4 Nb6 5. Nf3 g6 6. Bf4 Bg7 7. Qd2 Bg4 8. Be2
Nc6 9. O-O dxe5 10. dxe5 O-O 11. Qe3 Bxf3 12. gxf3 Qd4 13. Qxd4 Nxd4 14. Nc3
Nxe2+ 15. Nxe2 Nxc4 16. Rac1 Nxe5 17. Rxc7 Nxf3+ 18. Kg2 Nh4+ 19. Kg1 b6 20.
Nc3 e5 21. Bg3 Nf3+ 22. Kg2 Nd4 23. Nd5 Rfd8 24. Ne3 Ne6 25. Rc6 Rac8 26. Rfc1
Rxc6 27. Rxc6 h5 28. Nc4 Rd5 29. b4 Bf6 30. h4 b5 31. Na5 Rd4 32. Rc8+ Kg7 33.
Nc6 Rc4 34. Nxa7 Rxb4 35. Nc6 Rc4 36. Na7 Nd4 37. Re8 Ra4 38. Nc8 Rxa2 39. Bxe5
Bxe5 40. Rxe5 Nf5 41. Rxb5 Nxh4+ 42. Kh3 Nf5 43. Kg2 Ne3+ 44. Kg3 Ng4 45. f3
Ne3 46. Nd6 Rd2 47. Ne4 Nf5+ 48. Kf4 Rd3 49. Rb7 h4 50. Ng5 Nh6 51. Ra7 Rd5 52.
Nh3 Rb5 53. Rc7 g5+ 54. Ke4 Kg6 55. Rc6+ f6 56. Ra6 Nf5 57. Rc6 Re5+ 0-1

[Event "Iranian Women Chess Championship"]
[Site "?"]
[Date "2008.02.24"]
[Round "8"]
[White "Navabi, Shirin"]
[Black "Hemmatizadeh, Nina"]
[Result "1-0"]
[WhiteElo "2120"]
[BlackElo "1915"]
[PlyCount "69"]
[EventDate "2008.??.??"]

1. Nf3 Nf6 2. c4 g6 3. g3 Bg7 4. Bg2 O-O 5. O-O d6 6. d4 c5 7. Nc3 Nc6 8. d5
Na5 9. Nd2 Rb8 10. a3 b6 11. b4 Nxd5 12. Nxd5 Bxa1 13. bxa5 bxa5 14. Nb3 Bg7
15. Bg5 Re8 16. Bd2 a4 17. Ba5 Qd7 18. Nd2 Bb7 19. Ne4 Bc6 20. Bc3 Bxd5 21.
cxd5 Bxc3 22. Nxc3 Rb3 23. Qc1 Reb8 24. Be4 Qc7 25. Nb1 Qa5 26. f4 Rb2 27. f5
Kg7 28. Qf4 f6 29. fxg6 hxg6 30. Qg4 g5 31. h4 Rg8 32. hxg5 Kf8 33. Qc8+ Kf7
34. Qe6+ Kf8 35. g6 1-0

[Event "Iranian Women Chess Championship"]
[Site "?"]
[Date "2008.02.24"]
[Round "8"]
[White "Bayat, Shohreh"]
[Black "Hejazipour, Mitra"]
[Result "1/2-1/2"]
[WhiteElo "2055"]
[BlackElo "2114"]
[PlyCount "100"]
[EventDate "2008.??.??"]

1. e4 e5 2. Bc4 Nf6 3. d3 Nc6 4. Nf3 Bc5 5. c3 d6 6. Bb3 O-O 7. Nbd2 a6 8. h3
Ba7 9. Nf1 d5 10. Ng3 dxe4 11. dxe4 Qxd1+ 12. Bxd1 Be6 13. Bb3 Nd7 14. Bxe6
fxe6 15. Be3 Bxe3 16. fxe3 Nc5 17. b3 Rad8 18. Ke2 Rf6 19. h4 Rg6 20. Rh3 Rxg3
21. Rxg3 Nxe4 22. Rg4 Nxc3+ 23. Kf2 e4 24. Ng5 Ne5 25. Rxe4 Rd2+ 26. Kg3 Nxe4+
27. Nxe4 Re2 28. Kf4 Nd3+ 29. Kf3 Re1 30. Rxe1 Nxe1+ 31. Kg3 Nd3 32. Ng5 Nc5
33. b4 h6 34. Nf3 Nd3 35. a3 Kf7 36. Nd4 Kf6 37. Kf3 e5 38. Nc2 Ke6 39. e4 Nb2
40. Ke3 Nc4+ 41. Kd3 Nd6 42. g3 b6 43. g4 c5 44. bxc5 bxc5 45. Ne3 Kd7 46. a4
Kc6 47. Nc4 Nf7 48. Ne3 Nd6 49. Nc4 Nf7 50. Ne3 Nd6 1/2-1/2

[Event "Iranian Women Chess Championship"]
[Site "?"]
[Date "2008.02.24"]
[Round "8"]
[White "Hakimifard, Ghazal"]
[Black "Tajik, Sareh"]
[Result "0-1"]
[WhiteElo "2066"]
[BlackElo "1992"]
[PlyCount "120"]
[EventDate "2008.??.??"]

1. e4 e5 2. Nf3 Nc6 3. d4 exd4 4. Nxd4 Nf6 5. Nxc6 bxc6 6. e5 Qe7 7. Qe2 Nd5 8.
c4 Ba6 9. b3 O-O-O 10. g3 g5 11. Bg2 Bg7 12. Bb2 Rde8 13. O-O Bxe5 14. Qxe5
Qxe5 15. Bxe5 Rxe5 16. cxd5 Bxf1 17. Kxf1 cxd5 18. Nd2 g4 19. b4 Rhe8 20. Nb3
c6 21. Nd4 Kc7 22. Rc1 Kb6 23. f3 h5 24. Kf2 Re3 25. Bf1 Ra3 26. Rc2 gxf3 27.
Rd2 Re4 28. Bh3 d6 29. Bf5 Re5 30. Bd3 a6 31. Nxf3 Re6 32. Be2 Re4 33. Nd4 h4
34. gxh4 Rxh4 35. Kg1 Rf4 36. Bd1 Re3 37. Nc2 Re5 38. h3 Rg5+ 39. Kh2 c5 40.
Ne3 d4 41. Nc4+ Kb5 42. Nxd6+ Kxb4 43. Bb3 Kc3 44. Rc2+ Kd3 45. Rb2 f5 46. Bc4+
Kc3 47. Rb3+ Kd2 48. Bxa6 Rf2+ 49. Kh1 Kc1 50. Bd3 Rb2 51. Bxf5 Rxb3 52. axb3
Kb2 53. Be6 Rg6 54. Nc4+ Kxb3 55. Bf7 Rf6 56. Ne5+ Rxf7 57. Kg2 Rf5 58. Nd3 c4
59. Nc1+ Kb2 60. Ne2 d3 0-1

[Event "Iranian Women Chess Championship"]
[Site "?"]
[Date "2008.02.25"]
[Round "9"]
[White "PourKashiyan, Atousa"]
[Black "Alavi, Homa"]
[Result "0-1"]
[WhiteElo "2285"]
[BlackElo "1632"]
[PlyCount "63"]
[EventDate "2008.??.??"]

1. e4 d6 2. d4 g6 3. Bg5 Bg7 4. c3 Nf6 5. Nd2 c6 6. Ngf3 Nbd7 7. a4 O-O 8. Bd3
Re8 9. O-O Nf8 10. a5 Ne6 11. Be3 Nh5 12. Bc4 Nef4 13. Re1 Bd7 14. Nf1 b5 15.
axb6 axb6 16. Qb3 Be6 17. d5 cxd5 18. exd5 Bg4 19. Bxb6 Qc8 20. Rxa8 Qxa8 21.
Nd4 e5 22. Nb5 Nxg2 23. Kxg2 Qc8 24. Re3 Nf4+ 25. Kh1 Bh3 26. Ng3 Qg4 27. Nxd6
Ra8 28. Bf1 Ra1 29. Qb5 Rxf1+ 30. Qxf1 Bxf1 31. Ndf5 Bg2+ 32. Kg1 0-1

[Event "Iranian Women Chess Championship"]
[Site "?"]
[Date "2008.02.25"]
[Round "9"]
[White "Tajik, Sareh"]
[Black "SalmanMahini, Mona"]
[Result "0-1"]
[WhiteElo "1992"]
[BlackElo "2085"]
[PlyCount "76"]
[EventDate "2008.??.??"]

1. e4 c5 2. Nf3 e6 3. d4 cxd4 4. Nxd4 Nf6 5. Bd3 d6 6. c4 Be7 7. Nc3 Nc6 8. Be3
O-O 9. O-O Bd7 10. Rc1 a6 11. Qe2 Rc8 12. f4 Qa5 13. f5 Ne5 14. h3 d5 15. Nb3
Qb4 16. cxd5 exd5 17. exd5 Rfe8 18. Rf4 Qd6 19. Rd4 b5 20. Bf4 Qb6 21. Be3 Bd6
22. Ne4 Rxc1+ 23. Nxc1 Nxe4 24. Rxe4 Bc5 25. Kh2 Bxf5 26. Rxe5 Rxe5 27. Bxc5
Qc7 28. Bb6 Qd6 29. Qf2 Rxd5+ 30. Qg3 Qxb6 31. Bxf5 Rxf5 32. Nd3 h6 33. Qg4
Qd6+ 34. Qg3 Qxg3+ 35. Kxg3 Rd5 36. Nb4 Rd2 37. Nxa6 Rxb2 38. a3 Rb3+ 0-1

[Event "Iranian Women Chess Championship"]
[Site "?"]
[Date "2008.02.25"]
[Round "9"]
[White "Ghaderpour, Shayesteh"]
[Black "Bayat, Shohreh"]
[Result "1/2-1/2"]
[WhiteElo "2185"]
[BlackElo "2055"]
[PlyCount "78"]
[EventDate "2008.??.??"]

1. c4 d5 2. cxd5 Nf6 3. d4 Nxd5 4. Nf3 Nc6 5. e4 Nb6 6. Nc3 e6 7. a3 Bd6 8. Bd3
O-O 9. O-O e5 10. dxe5 Nxe5 11. Nxe5 Bxe5 12. Be3 Be6 13. Qe2 Bd4 14. Bxd4 Qxd4
15. Rad1 Bb3 16. Bc2 Qc4 17. Bxb3 Qxb3 18. Nd5 Nxd5 19. Rxd5 c6 20. Rd3 Qe6 21.
Rfd1 Rae8 22. Rd7 Re7 23. Rxe7 Qxe7 24. Qd3 Re8 25. f3 Kf8 26. Qd4 c5 27. Qd5
b6 28. Qf5 Rd8 29. Rd5 Rxd5 30. Qxd5 g6 31. Kf1 Qf6 32. Qd2 Qe5 33. g3 Kg7 34.
Ke2 Qh5 35. Ke3 Qe5 36. f4 Qe6 37. Qc3+ Kf8 38. Kf3 Ke7 39. Ke3 h5 1/2-1/2

[Event "Iranian Women Chess Championship"]
[Site "?"]
[Date "2008.02.25"]
[Round "9"]
[White "Hejazipour, Mitra"]
[Black "Navabi, Shirin"]
[Result "1-0"]
[WhiteElo "2114"]
[BlackElo "2120"]
[PlyCount "111"]
[EventDate "2008.??.??"]

1. e4 g6 2. d4 Bg7 3. c4 d6 4. Nc3 Nf6 5. Nf3 Bg4 6. Be2 O-O 7. O-O Re8 8. Be3
a5 9. Qc2 Nc6 10. Rfd1 Bxf3 11. Bxf3 e5 12. d5 Ne7 13. a3 Nd7 14. Be2 f5 15. f3
f4 16. Bf2 g5 17. b4 b6 18. Nb5 Bf8 19. c5 bxc5 20. bxc5 Ng6 21. cxd6 Bxd6 22.
Nxd6 cxd6 23. Qc6 Nf6 24. Bb6 Qe7 25. Rac1 g4 26. Bc7 Qg7 27. Bxd6 gxf3 28.
Bxf3 Nh4 29. Qc3 Qg6 30. Bc7 Nxe4 31. Bxe4 Qxe4 32. Qc2 Qxc2 33. Rxc2 Nf5 34.
Rc5 Nd4 35. Rxa5 Rxa5 36. Bxa5 Ra8 37. Bb4 Rd8 38. d6 Kf7 39. a4 Ke6 40. a5 Nc6
41. Bc5 Kd7 42. a6 Ra8 43. a7 f3 44. gxf3 Nxa7 45. Kf2 Nb5 46. Ke3 Rc8 47. Rd5
Rc6 48. Rxe5 Nxd6 49. Rd5 Ke8 50. Bxd6 Kf7 51. Ke4 Rc2 52. Bf4 Kg6 53. Rd6+ Kf7
54. Kf5 Rc5+ 55. Be5 Ke7 56. Rh6 1-0

[Event "Iranian Women Chess Championship"]
[Site "?"]
[Date "2008.02.27"]
[Round "10"]
[White "Alavi, Homa"]
[Black "Hemmatizadeh, Nina"]
[Result "0-1"]
[WhiteElo "1632"]
[BlackElo "1915"]
[PlyCount "124"]
[EventDate "2008.??.??"]

1. d4 Nf6 2. Nf3 c5 3. d5 b5 4. a4 b4 5. c4 bxc3 6. bxc3 d6 7. e3 g6 8. Bb5+
Bd7 9. O-O Bg7 10. Re1 O-O 11. e4 Qa5 12. Bd3 Ng4 13. Bd2 c4 14. Bf1 Qb6 15.
Qe2 Qb2 16. Na3 Qb7 17. Nxc4 Bc8 18. Ne3 Nf6 19. Nc2 Qc7 20. Ncd4 a6 21. Qc4
Qa5 22. Rab1 Bd7 23. Rb4 Rc8 24. Qa2 Be8 25. Bd3 Nfd7 26. c4 Qc7 27. Bf4 Qc5
28. Rbb1 Bxd4 29. Qe2 Ne5 30. Red1 Bxa4 31. Rd2 Nxf3+ 32. Qxf3 Nd7 33. Ra2 Nb6
34. Bd2 Be8 35. Bb4 Qc7 36. Ba5 Qa7 37. Qe2 Nd7 38. h4 Ne5 39. h5 Bxf2+ 40. Kh2
Bd4 41. h6 Nxd3 42. Qxd3 Be5+ 43. Kh1 Qd4 44. Qf3 Rxc4 45. Re2 Ra4 46. Be1 a5
47. Bf2 Qc3 48. Re3 Qc2 49. Rf1 Rb8 50. Re2 Qc4 51. Bh4 Rb3 52. Qg4 Qc7 53. Bg5
Bb5 54. Rc1 Rc3 55. Ree1 Rac4 56. Rb1 Rb4 57. Ra1 Rg3 58. Rxa5 Ba6 59. Rc1
Qxc1+ 60. Bxc1 Rxg4 61. Rxa6 Rb8 62. Ra4 Bf4 0-1

[Event "Iranian Women Chess Championship"]
[Site "?"]
[Date "2008.02.27"]
[Round "10"]
[White "Hakimifard, Ghazal"]
[Black "SalmanMahini, Mona"]
[Result "0-1"]
[WhiteElo "2066"]
[BlackElo "2085"]
[PlyCount "110"]
[EventDate "2008.??.??"]

1. e4 c5 2. Nf3 Nc6 3. d4 cxd4 4. Nxd4 Qb6 5. Nb3 Nf6 6. Nc3 e6 7. Bd3 Be7 8.
O-O O-O 9. Be3 Qc7 10. f4 d6 11. Qf3 a6 12. Na4 Nd7 13. Qf2 Bd8 14. Nc3 b5 15.
Ne2 Bb7 16. c3 Rc8 17. Ng3 Nf6 18. Qe2 Be7 19. Kh1 Nb8 20. Bd4 e5 21. Bg1 exf4
22. Nf5 Rfe8 23. Rae1 Bf8 24. Qc2 Nbd7 25. Bd4 d5 26. exd5 Bxd5 27. Qd2 f3 28.
gxf3 Ne5 29. Be4 Nxe4 30. fxe4 Bc4 31. Rg1 f6 32. Re3 Ng6 33. Qg2 Qf4 34. Nd2
Be6 35. Rf3 Qc7 36. Qf2 Qc6 37. Nh4 Bf7 38. Nf5 Rcd8 39. a3 Be6 40. Nh4 Bf7 41.
Rg2 Rxe4 42. Nxe4 Qxe4 43. Nxg6 hxg6 44. Kg1 Bd5 45. Rgg3 Re8 46. Qf1 Bd6 47.
Rh3 Qg4+ 48. Rfg3 Bxg3 49. hxg3 Re2 50. Bf2 Rxb2 51. Rh2 Qf3 52. Qe1 Re2 53.
Qf1 Rd2 54. Rh3 Rd1 55. Be1 Rxe1 0-1

[Event "Iranian Women Chess Championship"]
[Site "?"]
[Date "2008.02.27"]
[Round "10"]
[White "Navabi, Shirin"]
[Black "Ghaderpour, Shayesteh"]
[Result "0-1"]
[WhiteElo "2120"]
[BlackElo "2185"]
[PlyCount "70"]
[EventDate "2008.??.??"]

1. Nf3 Nf6 2. c4 e6 3. g3 d5 4. d4 dxc4 5. Bg2 Nc6 6. Qa4 Bb4+ 7. Bd2 Nd5 8.
Bxb4 Ndxb4 9. a3 b5 10. Qd1 Nd5 11. b3 cxb3 12. Qxb3 Rb8 13. O-O O-O 14. Qc2
Bb7 15. e4 Nf6 16. Rd1 Ne7 17. Ne5 c6 18. Nc3 a6 19. Ne2 Qb6 20. Nd3 Nd7 21.
Nc5 Rfd8 22. f4 Nc8 23. Kh1 Nd6 24. Nxd7 Rxd7 25. Qc5 Nc4 26. Bf3 Qxc5 27. dxc5
Rbd8 28. Rxd7 Rxd7 29. Nc3 Kf8 30. Be2 Nd2 31. Rd1 Ke7 32. e5 f6 33. Kg2 f5 34.
Kf2 Nb3 35. Rc1 Nxc1 0-1

[Event "Iranian Women Chess Championship"]
[Site "?"]
[Date "2008.02.27"]
[Round "10"]
[White "Bayat, Shohreh"]
[Black "Tajik, Sareh"]
[Result "0-1"]
[WhiteElo "2055"]
[BlackElo "1992"]
[PlyCount "108"]
[EventDate "2008.??.??"]

1. e4 e5 2. Bc4 Nf6 3. d3 Nc6 4. Nf3 Bc5 5. Bb3 O-O 6. O-O d6 7. c3 Bg4 8. h3
Bh5 9. Nbd2 d5 10. Re1 Re8 11. Qe2 Bg6 12. Bc2 Nh5 13. Nb3 Bb6 14. Qd1 dxe4 15.
dxe4 Qxd1 16. Rxd1 Rad8 17. Bg5 f6 18. Rxd8 Nxd8 19. Bd2 Ne6 20. Nh4 Bf7 21.
Nf5 Nhf4 22. Be3 Bxe3 23. fxe3 Ng6 24. Na5 Rd8 25. b4 Rd2 26. Bb3 Ng5 27. Nxb7
Nxe4 28. c4 Be6 29. c5 Nf8 30. Na5 Kf7 31. Bxe6+ Nxe6 32. Nc6 g6 33. Nh4 a6 34.
a4 Rb2 35. Rd1 Ke8 36. Nf3 Nc3 37. Ra1 Nd5 38. b5 axb5 39. e4 $11 Ne3 40. axb5
Rxg2+ 41. Kh1 Nf4 42. Ne1 Rb2 43. Ra3 Nc4 44. Ra8+ Kf7 45. b6 cxb6 46. Nd8+ Ke7
47. c6 Rb1 48. c7 Rxe1+ 49. Kh2 Re2+ 50. Kh1 Nd6 51. Nb7 Nxe4 52. Re8+ Kf7 53.
c8=Q Ng3+ 54. Kg1 Rg2# 0-1

[Event "Iranian Women Chess Championship"]
[Site "?"]
[Date "2008.02.26"]
[Round "11"]
[White "Hejazipour, Mitra"]
[Black "Alavi, Homa"]
[Result "1-0"]
[WhiteElo "2114"]
[BlackElo "1632"]
[PlyCount "81"]
[EventDate "2008.??.??"]

1. d4 Nf6 2. c4 e6 3. Nc3 Bb4 4. Qc2 c5 5. dxc5 Bxc5 6. Nf3 Qb6 7. e3 O-O 8.
Bd3 Be7 9. O-O d6 10. a3 Nbd7 11. b4 a5 12. Rb1 Qc7 13. Nb5 Qb8 14. e4 b6 15.
Bf4 Bb7 16. Rfe1 Ne5 17. Nxe5 dxe5 18. Be3 axb4 19. axb4 Bc6 20. c5 Rc8 21. f3
Nd7 22. Rec1 Bb7 23. Qf2 Ba6 24. c6 Nf6 25. Bxb6 Ne8 26. Ba7 Bxb5 27. Bxb8 Bxd3
28. Rb3 Raxb8 29. Rxd3 Bxb4 30. h3 Ba5 31. Kh2 Bb6 32. Qc2 Bd4 33. Rb3 Ra8 34.
Rb7 h5 35. h4 g6 36. Qb3 Nd6 37. Rd7 Rab8 38. Qxb8 Rxb8 39. Rxd6 Be3 40. c7 Rc8
41. Rc2 1-0

[Event "Iranian Women Chess Championship"]
[Site "?"]
[Date "2008.02.26"]
[Round "11"]
[White "SalmanMahini, Mona"]
[Black "Bayat, Shohreh"]
[Result "1/2-1/2"]
[WhiteElo "2085"]
[BlackElo "2055"]
[PlyCount "35"]
[EventDate "2008.??.??"]

1. e4 e6 2. d4 d5 $11 3. Nc3 Bb4 4. e5 c5 5. a3 Bxc3+ 6. bxc3 Ne7 7. Qg4 Nf5 8.
Bd3 h5 9. Qf4 cxd4 10. cxd4 Qh4 11. Ne2 Qxf4 12. Bxf4 Nc6 13. c3 Nfe7 14. Bg5
Bd7 15. Rb1 b6 16. Ba6 Na5 17. Nf4 Ba4 18. Rb4 $11 1/2-1/2

[Event "Iranian Women Chess Championship"]
[Site "?"]
[Date "2008.02.26"]
[Round "11"]
[White "Pourkashiyan, Atousa"]
[Black "Hakimifard, Ghazal"]
[Result "1/2-1/2"]
[WhiteElo "2285"]
[BlackElo "2066"]
[PlyCount "51"]
[EventDate "2008.??.??"]

1. d4 d5 2. Nc3 Nf6 3. Bg5 e6 4. e4 dxe4 $11 5. Nxe4 Be7 6. Ng3 h6 7. Be3 Nbd7
8. Nf3 O-O 9. Bd3 b6 10. O-O Bb7 11. Qe2 c5 12. Rad1 Qc7 13. c3 Rfd8 14. Bc1
Rac8 15. Rfe1 cxd4 16. Nxd4 Nc5 17. Bb1 Bf8 18. f3 a6 19. Qc2 Bd6 20. Nde2 Ncd7
21. Kh1 Nf8 22. Be3 b5 23. Nf1 Nd5 24. Bf2 b4 25. Qb3 bxc3 26. bxc3 $11 1/2-1/2